000 00574nam a2200181 i 4500
001 104344
003 ES-MaACL
005 20230906183557.0
007 t|
008 051128s1972 ve ||||1| spa d
100 1 _aMillares Carlo, Agustín,
_d1893-1980
_981176
245 1 0 _aAndrés Bello
_b: Ensayo bibliográfico /
_cpor Agustín Millares Carlo.
260 _aMaracaibo (Venezuela) :
_bUniversidad del Zulia,
_c1972.
300 _a222 p. ;
_c23 cm.
710 2 _aUniversidad del Zulia.
_97369
852 _aES-MaACL
_jE-6279
_bR.90500
999 _c104344
_d104344